Nước Mỹ ngày nay = The United States of America today Sách nâng cao trình độ tiếng Anh Mỹ

Gespeichert in:
Bibliographische Detailangaben
1. Verfasser: Nước mỹ ngày nay
Format: Buch
Sprache:Undetermined
Veröffentlicht: H. ĐHQG 2002
Schlagworte:
Tags: Tag hinzufügen
Keine Tags, Fügen Sie den ersten Tag hinzu!
Thư viện lưu trữ: Trung tâm Học liệu Trường Đại học Cần Thơ
LEADER 00586nam a2200193Ia 4500
001 CTU_50607
008 210402s9999 xx 000 0 und d
082 |a 428.24 
082 |b T305 
100 |a Nước mỹ ngày nay 
245 0 |a Nước Mỹ ngày nay = The United States of America today 
245 0 |b Sách nâng cao trình độ tiếng Anh Mỹ 
245 0 |c Nước mỹ ngày nay 
260 |a H. 
260 |b ĐHQG 
260 |c 2002 
650 |a english language 
650 |x americanism 
980 |a Trung tâm Học liệu Trường Đại học Cần Thơ